[Event "AUTO-OPEN-4569"]
[Site "http://www.queenalice.com/game.php?id=1850165"]
[Date "2025.1.10"]
[Round "1"]
[White "Holanda76"]
[Black "Carlos19"]
[Result "1-0"]
[WhiteElo "2536"]
[BlackElo "1595"]

1. d4 e6 2. e4 c5 3. d5 e5 4. c4 Nf6 5. Nc3 Qa5 6. Bd3 Na6 7. f4 Bd6 8. Nf3 Nb4
9. fxe5 Nxd3+ 10. Qxd3 Ng4 11. exd6 O-O 12. O-O b6 13. h3 Nf6 14. e5 Nh5 15. g4
Ng3 16. Ng5 g6 17. Qxg3 f5 18. exf6 Bb7 19. f7+ Kg7 20. Ne6+ Kh8 21. Qe5# 1-0

[Event "AUTO-OPEN-4569"]
[Site "http://www.queenalice.com/game.php?id=1850180"]
[Date "2025.1.10"]
[Round "1"]
[White "Holanda76"]
[Black "silverado"]
[Result "1-0"]
[WhiteElo "2534"]
[BlackElo "1882"]

1. d4 d5 2. c4 dxc4 3. e3 b5 4. a4 c6 5. axb5 cxb5 6. Qf3 Bb7 7. Qxb7 Nd7 8.
Qxb5 e6 9. Nf3 Be7 10. Ne5 Nf6 11. Nc6 Qc7 12. Nxe7 Kxe7 13. b3 cxb3 14. Ba3+
Kd8 15. Qxb3 Rb8 16. Qa4 Nd5 17. Nd2 N7b6 18. Qd1 h5 19. Rc1 Nc3 20. Qf3 Nba4
21. Bd3 f5 22. Nc4 g5 23. Bd6 1-0

[Event "AUTO-OPEN-4569"]
[Site "http://www.queenalice.com/game.php?id=1850181"]
[Date "2025.1.10"]
[Round "1"]
[White "silverado"]
[Black "Holanda76"]
[Result "0-1"]
[WhiteElo "1866"]
[BlackElo "2532"]

1. d4 Nf6 2. f3 d5 3. g4 c5 4. c3 Nc6 5. dxc5 e5 6. Be3 d4 7. cxd4 exd4 8. Bg5
Bxc5 9. a3 h6 10. Bf4 Nd5 11. Bd2 Qh4# 0-1

[Event "AUTO-OPEN-4586"]
[Site "http://www.queenalice.com/game.php?id=1855123"]
[Date "2025.4.6"]
[Round "1"]
[White "Holanda76"]
[Black "tche_elvio"]
[Result "1-0"]
[WhiteElo "2542"]
[BlackElo "1514"]

1. d4 d5 2. c4 e6 3. Nc3 Bb4 4. Nf3 h6 5. Qb3 Bxc3+ 6. bxc3 Ne7 7. cxd5 Nxd5 8.
e4 Nf6 9. Bd3 O-O 10. e5 Nd5 11. Bb1 b6 12. c4 Nf4 13. Bxf4 Bb7 14. Qd3 g6 15.
Bxh6 c5 16. O-O Bxf3 17. Qxf3 Na6 18. Qg3 Qxd4 19. Bxg6 1-0

[Event "AUTO-OPEN-4586"]
[Site "http://www.queenalice.com/game.php?id=1855124"]
[Date "2025.4.6"]
[Round "1"]
[White "tche_elvio"]
[Black "Holanda76"]
[Result "0-1"]
[WhiteElo "1515"]
[BlackElo "2543"]

1. e4 c5 2. d4 cxd4 3. Bd3 g6 4. Nf3 Nc6 5. O-O Bg7 6. Bd2 d6 7. h3 Nf6 8. c3 e5
9. a3 O-O 10. cxd4 exd4 11. b4 a5 12. bxa5 Nd7 13. Bg5 Qxa5 14. Qb3 Nc5 15. Qc2
Be6 16. Bd2 Qb6 17. Bb4 Nxb4 18. axb4 Rxa1 19. bxc5 dxc5 20. Nbd2 Rfa8 21. Rxa1
Rxa1+ 22. Kh2 Qb4 23. Nc4 b5 24. Qb2 Qxb2 25. Nxb2 Ra2 26. Bxb5 Rxb2 27. Bc6 d3
28. Kg3 d2 0-1

[Event "AUTO-OPEN-4586"]
[Site "http://www.queenalice.com/game.php?id=1855125"]
[Date "2025.4.6"]
[Round "1"]
[White "Holanda76"]
[Black "JailtonMaster"]
[Result "1-0"]
[WhiteElo "2538"]
[BlackElo "2170"]

1. d4 d5 2. c4 c6 3. Nf3 Nf6 4. Nc3 e6 5. e3 Nbd7 6. Be2 dxc4 7. Bxc4 Bb4 8. O-O
b5 9. Bd3 a6 10. e4 O-O 11. e5 Nd5 12. Nxd5 exd5 13. Ng5 c5 14. Bxh7+ 1-0

[Event "AUTO-OPEN-4586"]
[Site "http://www.queenalice.com/game.php?id=1855126"]
[Date "2025.4.6"]
[Round "1"]
[White "JailtonMaster"]
[Black "Holanda76"]
[Result "0-1"]
[WhiteElo "2167"]
[BlackElo "2541"]

1. e4 c5 2. Nf3 d6 3. d4 cxd4 4. Nxd4 Nf6 5. Nc3 a6 6. Bg5 e6 7. f4 Qb6 8. Qd2
Qxb2 9. Rb1 Qa3 10. f5 Nc6 11. fxe6 fxe6 12. Nxc6 bxc6 13. e5 dxe5 14. Ne4 Nxe4
15. Qd8+ Kf7 16. Qc7+ Kg8 17. Bc4 Qc3+ 0-1

[Event "AUTO-OPEN-4586"]
[Site "http://www.queenalice.com/game.php?id=1855127"]
[Date "2025.4.6"]
[Round "1"]
[White "Holanda76"]
[Black "bdpq"]
[Result "1-0"]
[WhiteElo "2547"]
[BlackElo "1600"]

1. d4 d5 2. c4 dxc4 3. Nf3 e6 4. e4 Nc6 5. Bxc4 Na5 6. Qa4+ Nc6 7. d5 Bd7 8.
dxc6 Bxc6 9. Bb5 Ne7 10. Ne5 a6 11. Bxc6+ Nxc6 12. Nxc6 b5 13. Nxd8 bxa4 14. Nc6
Bc5 15. Nc3 O-O 16. Nxa4 f5 17. Nxc5 fxe4 18. O-O a5 19. Re1 a4 20. Rxe4 Rae8
21. Rxa4 e5 22. Nd7 Rf7 23. Ndxe5 Rf5 24. f4 Rf6 25. Ra7 Rd6 26. Rxc7 g5 27.
Ne7+ Kf8 28. Nf5 Rf6 29. Nd7+ Kf7 30. Nxf6+ Kxf6 31. Ng7 Rd8 32. fxg5+ Ke5 33.
Be3 Ke4 34. Re7+ Kd3 35. Rc1 Rb8 36. Rc3+ Ke2 37. Bf4+ Kd1 38. Rc1# 1-0

[Event "AUTO-OPEN-4586"]
[Site "http://www.queenalice.com/game.php?id=1855128"]
[Date "2025.4.6"]
[Round "1"]
[White "bdpq"]
[Black "Holanda76"]
[Result "0-1"]
[WhiteElo "1612"]
[BlackElo "2544"]

1. e4 c5 2. d4 cxd4 3. Qxd4 Nc6 4. Qe3 Nf6 5. Bb5 d5 6. Bxc6+ bxc6 7. e5 Nd7 8.
Nf3 e6 9. O-O Bc5 10. Qc3 Qb6 11. Be3 Bxe3 12. fxe3 O-O 13. Nbd2 a5 14. Ng5 h6
15. Nh3 Qb4 16. Qxc6 Qxd2 17. e4 Ra6 18. Qa4 Nc5 19. Qa3 Nxe4 20. c3 Rb6 21.
Rfd1 Qxb2 22. Qe7 g5 23. g3 Rb7 24. Qxf8+ Kxf8 25. a4 Nxc3 26. Rf1 Ne2+ 27. Kh1
d4 28. Nf2 Rb3 29. Ng4 Bb7+ 0-1

[Event "AUTO-OPEN-4561"]
[Site "http://www.queenalice.com/game.php?id=1855323"]
[Date "2025.4.10"]
[Round "2"]
[White "Capixaba789"]
[Black "Holanda76"]
[Result "0-1"]
[WhiteElo "1826"]
[BlackElo "2539"]

1. d4 Nf6 2. Nc3 d5 3. e4 dxe4 4. f3 exf3 5. Qxf3 Qxd4 6. h3 e6 7. Nge2 Qb6 8.
Nf4 Bd7 9. Bd3 Bc6 10. Ne4 Nxe4 11. Bxe4 Qb4+ 0-1

[Event "AUTO-OPEN-4561"]
[Site "http://www.queenalice.com/game.php?id=1855324"]
[Date "2025.4.10"]
[Round "2"]
[White "Holanda76"]
[Black "Capixaba789"]
[Result "1-0"]
[WhiteElo "2540"]
[BlackElo "1820"]

1. e4 e5 2. Nf3 d6 3. d4 exd4 4. Nxd4 Nf6 5. Nc3 Be7 6. Bc4 O-O 7. O-O Nbd7 8.
a4 Ne5 9. Bb3 Bg4 10. f3 Bh5 11. Nf5 Bg6 12. Nxe7+ Qxe7 13. Bg5 Qe8 14. Bxf6
gxf6 15. Nd5 Rc8 16. Nxf6+ 1-0

[Event "AUTO-OPEN-4561"]
[Site "http://www.queenalice.com/game.php?id=1855327"]
[Date "2025.4.10"]
[Round "2"]
[White "maurice916"]
[Black "Holanda76"]
[Result "0-1"]
[WhiteElo "1912"]
[BlackElo "2545"]

1. Nf3 d5 2. b3 Nf6 3. Bb2 e6 4. d4 Bd6 5. Nbd2 O-O 6. e3 Nbd7 7. c4 b6 8. Bd3
Bb7 9. O-O Rc8 10. Rc1 c5 11. dxc5 Nxc5 12. Bb1 Qe7 13. Re1 Nce4 14. cxd5 Rxc1
15. Bxc1 Nc3 16. Qc2 Nxb1 17. Nxb1 Nxd5 18. Bb2 Nb4 19. Qe2 Ba6 20. Qc2 Nxc2 0-1

[Event "AUTO-OPEN-4561"]
[Site "http://www.queenalice.com/game.php?id=1855328"]
[Date "2025.4.10"]
[Round "2"]
[White "Holanda76"]
[Black "maurice916"]
[Result "1-0"]
[WhiteElo "2546"]
[BlackElo "1906"]

1. e4 c6 2. d4 d5 3. Nd2 dxe4 4. Nxe4 Nf6 5. Nxf6+ exf6 6. Nf3 Bg4 7. c3 Bd6 8.
h3 Bh5 9. Qe2+ Qe7 10. Qxe7+ Bxe7 11. Nh4 O-O 12. f4 Re8 13. g4 Bd6+ 14. Kf2 Bg6
15. f5 Nd7 16. fxg6 hxg6 17. Bd2 Nf8 18. Bc4 Nh7 19. Nxg6 b5 20. Bb3 Ng5 21.
Bxg5 fxg5 22. h4 a5 23. hxg5 a4 24. Rh8# 1-0

[Event "AUTO-ELITE-2582"]
[Site "http://www.queenalice.com/game.php?id=1856821"]
[Date "2025.5.6"]
[Round "1"]
[White "Holanda76"]
[Black "Sexxy_Bunny"]
[Result "0-1"]
[WhiteElo "2546"]
[BlackElo "2606"]

1. d4 Nf6 2. c4 e6 3. Nf3 d5 4. Nc3 c6 5. e3 Nbd7 6. Qc2 Bd6 7. Bd3 O-O 8. O-O
dxc4 9. Bxc4 b5 10. Be2 Bb7 11. e4 e5 12. Rd1 Qc7 13. Bg5 exd4 14. Rxd4 Ne5 15.
h3 Nxf3+ 16. Bxf3 Bh2+ 17. Kh1 Be5 18. Rd3 Rad8 19. Rad1 Rxd3 20. Rxd3 Rd8 21.
Rxd8+ Qxd8 22. Be3 a6 23. Ne2 Qc7 24. b4 Bd6 25. Qd2 Nd7 26. Nf4 g6 27. Nd3 Ne5
28. Nxe5 Bxe5 29. Kg1 Qd6 30. Kf1 Qxd2 31. Bxd2 Bd4 32. Ke2 c5 33. bxc5 Bxc5 34.
Be3 Bd6 35. Kd3 Bc8 36. Kd4 Bb4 37. Bg4 Be6 38. Bxe6 fxe6 39. f4 Kf7 40. Kd3 Ke7
41. g4 Kd6 42. Bd4 Kc6 43. Bc3 Bc5 44. Ba5 Kd6 45. Bd2 Bb6 0-1

[Event "AUTO-ELITE-2582"]
[Site "http://www.queenalice.com/game.php?id=1856822"]
[Date "2025.5.6"]
[Round "1"]
[White "Sexxy_Bunny"]
[Black "Holanda76"]
[Result "1-0"]
[WhiteElo "2599"]
[BlackElo "2553"]

1. e4 c5 2. Nf3 e6 3. d4 cxd4 4. Nxd4 Nf6 5. Nc3 Nc6 6. Ndb5 d6 7. Bf4 e5 8. Bg5
a6 9. Na3 b5 10. Nd5 Be7 11. Bxf6 Bxf6 12. c3 Rb8 13. Nc2 O-O 14. h4 g6 15. g3
Bg7 16. h5 Ne7 17. Nce3 Nxd5 18. Nxd5 Be6 19. Bh3 Qd7 20. Bxe6 fxe6 21. hxg6
hxg6 22. Ne3 Qf7 23. O-O Rbd8 24. a4 d5 25. Qe2 dxe4 26. axb5 axb5 27. Ra6 Rd3
28. Rb6 Qf3 29. Qxf3 exf3 30. Rxe6 b4 31. cxb4 Kf7 32. Rc6 e4 33. Rc7+ Kg8 34.
Re7 Rd4 35. Rc1 Bf6 36. Rb7 Rf7 37. Rc8+ Kg7 38. Rxf7+ Kxf7 39. Rc4 Rd2 40. Rxe4
Rxb2 41. Rf4 Ke6 42. Rxf3 Bg5 43. Kg2 Rxb4 44. Nf1 Bd8 45. Ra3 g5 46. Ra6+ 1-0

[Event "AUTO-ELITE-2582"]
[Site "http://www.queenalice.com/game.php?id=1856823"]
[Date "2025.5.6"]
[Round "1"]
[White "Holanda76"]
[Black "Donidon"]
[Result "1-0"]
[WhiteElo "2549"]
[BlackElo "2194"]

1. d4 Nf6 2. c4 g6 3. Nc3 Bg7 4. e4 d6 5. Be2 O-O 6. Nf3 e5 7. Be3 Nc6 8. d5 Ne7
9. Nd2 Nd7 10. b4 c6 11. O-O cxd5 12. cxd5 f5 13. f3 fxe4 14. fxe4 Rxf1+ 15.
Qxf1 Nf6 16. h3 1-0

[Event "AUTO-ELITE-2582"]
[Site "http://www.queenalice.com/game.php?id=1856824"]
[Date "2025.5.6"]
[Round "1"]
[White "Donidon"]
[Black "Holanda76"]
[Result "0-1"]
[WhiteElo "2195"]
[BlackElo "2548"]

1. e4 c5 2. Nf3 Nc6 3. d4 cxd4 4. Nxd4 Nf6 5. Nc3 e6 6. Bc4 d6 7. Bb3 Be7 8. O-O
Nxd4 9. Qxd4 O-O 10. h3 b6 11. Bg5 Qc7 12. Qd3 Rd8 13. Rad1 Bb7 14. Rfe1 a6 15.
Qg3 b5 16. a3 Kh8 0-1

[Event "AUTO-OPEN-4569"]
[Site "http://www.queenalice.com/game.php?id=1857852"]
[Date "2025.5.24"]
[Round "2"]
[White "gizmokaka"]
[Black "Holanda76"]
[Result "1-0"]
[WhiteElo "2847"]
[BlackElo "2534"]

1. d4 Nf6 2. Bf4 d5 3. e3 e6 4. Nf3 c5 5. Nbd2 Nc6 6. c3 Bd6 7. Bg3 O-O 8. Bd3
b6 9. e4 Be7 10. e5 Nh5 11. Ng5 Bxg5 12. Qxh5 g6 13. Qe2 cxd4 14. h4 Be7 15. h5
dxc3 16. bxc3 g5 17. O-O Bd7 18. Nf3 f6 19. exf6 Bxf6 20. Nh2 Qe7 21. Ng4 Bxc3
22. Rac1 Bg7 23. Rfe1 Rac8 24. Qd1 Nb4 25. Rxc8 Rxc8 26. Bb1 Rc4 27. h6 Bh8 28.
Be5 Nc6 29. Bxh8 Kxh8 30. Bd3 Rf4 31. Bb5 Nb8 32. a4 Kg8 33. g3 Rf7 34. Qd2 Bxb5
35. axb5 Nd7 36. Ra1 Qd8 37. Rxa7 Ne5 38. Rxf7 Nxf7 39. Qd4 1-0

[Event "AUTO-OPEN-4569"]
[Site "http://www.queenalice.com/game.php?id=1857853"]
[Date "2025.5.24"]
[Round "2"]
[White "Holanda76"]
[Black "gizmokaka"]
[Result "0-1"]
[WhiteElo "2536"]
[BlackElo "2845"]

1. e4 e5 2. Nf3 Nc6 3. Bb5 a6 4. Ba4 Nf6 5. O-O Be7 6. Re1 b5 7. Bb3 O-O 8. a4
b4 9. a5 d6 10. d3 Be6 11. Nbd2 Bxb3 12. Nxb3 Re8 13. h3 h6 14. Be3 d5 15. Qe2
Bd6 16. exd5 Nxd5 17. Nfd2 Rb8 18. Qg4 Re6 19. Nc4 Rb5 20. Bd2 Rg6 21. Qf3 Qd7
22. Rad1 f5 23. h4 Qe6 24. Qh3 Qf7 25. Re2 f4 26. Re4 Kh7 27. Kf1 Nf6 28. Re2
Qd5 29. Rde1 Rg4 30. f3 Rg6 31. Rd1 e4 32. fxe4 Qf7 33. Be1 Nh5 34. Rf2 Rg3 35.
Qh2 Qf6 36. d4 Qe6 37. Nxd6 cxd6 38. Rf3 Qc4+ 0-1

[Event "AUTO-OPEN-4569"]
[Site "http://www.queenalice.com/game.php?id=1857858"]
[Date "2025.5.24"]
[Round "2"]
[White "Holanda76"]
[Black "maurice916"]
[Result "1-0"]
[WhiteElo "2550"]
[BlackElo "1968"]

1. d4 d5 2. c4 Nf6 3. cxd5 Nxd5 4. Nf3 Nc6 5. e4 Nf6 6. Nc3 e6 7. h3 Bb4 8. Bd3
Nxd4 9. Nxd4 Qxd4 10. Bb5+ Qd7 11. Bxd7+ Bxd7 12. Qb3 Bxc3+ 13. Qxc3 c6 14. Bg5
Ke7 15. e5 1-0

[Event "AUTO-OPEN-4569"]
[Site "http://www.queenalice.com/game.php?id=1857859"]
[Date "2025.5.24"]
[Round "2"]
[White "maurice916"]
[Black "Holanda76"]
[Result "0-1"]
[WhiteElo "1901"]
[BlackElo "2551"]

1. Nf3 d5 2. b3 Bg4 3. e3 Nf6 4. Bb2 e6 5. Be2 h6 6. c4 Nbd7 7. cxd5 exd5 8. O-O
Be7 9. d4 Bf5 10. Nc3 O-O 11. Rc1 c6 12. Re1 Bd6 13. Bf1 Ne4 14. Na4 Qe7 15. Qe2
Bg6 16. Nd2 f5 17. g3 Ndf6 18. Bg2 Bh5 19. Bf3 Bg4 20. Nxe4 Nxe4 21. Bxg4 fxg4
22. Qxg4 Nxf2 23. Qe2 Qe4 24. Rf1 Qh1# 0-1

[Event "AUTO-OPEN-4586"]
[Site "http://www.queenalice.com/game.php?id=1861031"]
[Date "2025.8.4"]
[Round "2"]
[White "Takeda"]
[Black "Holanda76"]
[Result "0-1"]
[WhiteElo "2067"]
[BlackElo "2539"]

1. e4 c5 2. Nf3 d6 3. Bb5+ Bd7 4. Bc4 Nf6 5. e5 dxe5 6. O-O Qc7 7. Nc3 a6 8. Re1
Nc6 9. d3 e6 10. Ne4 Na5 11. Neg5 Nxc4 12. dxc4 Bd6 13. Ne4 Nxe4 14. Rxe4 f5 15.
Rh4 h6 16. b3 e4 17. Nd2 Be5 18. Rb1 g5 19. Rh5 O-O-O 20. Qe2 Be8 21. Rh3 g4 22.
Re3 Bxh2+ 23. Kh1 Bf4 24. Rc3 h5 25. b4 cxb4 26. Rxb4 h4 27. Rcb3 Bc6 28. c5 h3
29. Bb2 hxg2+ 30. Kg1 Rh1+ 31. Kxg2 Qh7 0-1

[Event "AUTO-OPEN-4586"]
[Site "http://www.queenalice.com/game.php?id=1861032"]
[Date "2025.8.4"]
[Round "2"]
[White "Holanda76"]
[Black "Takeda"]
[Result "1-0"]
[WhiteElo "2552"]
[BlackElo "2042"]

1. d4 g6 2. e4 Bg7 3. c4 d6 4. Nc3 Nf6 5. Be2 O-O 6. Nf3 Nbd7 7. O-O b6 8. Qc2
Bb7 9. Be3 c5 10. d5 Ne5 11. Nxe5 dxe5 12. Rfd1 a6 13. b4 Qd6 14. bxc5 bxc5 15.
Na4 Rfc8 16. Rab1 Rab8 17. Rb6 Qd8 18. Rb3 Nd7 19. Bg4 Qe8 20. Bxd7 Qxd7 21.
Nxc5 Qc7 22. Rdb1 h5 23. Rxb7 1-0